00341nam a2200145Ia 4500008004100000041000800041082002000049100001200069245002100081260003600102300000900138520001400147650001400161700002000175220803s9999 xx 000 0 und d aeng a891.463 BAR/BAR aBarve R aYatun Marg Kay ? aPunebManovikas Prakashanc2007 a176p aWithdrawn aGeneral.. aBarve L Barve R